00250nam a2200085Ia 4500008004100000100002400041245005000065260004100115300000800156201224s9999 xx 000 0 und d aJones, Steve (Ed.) 4aThe Cambridge Encyclopedia of Human Evolution aMelbornebCambridge University Press a506